000 01139pam a2200301 a 4500
001 2959972
003 OSt
005 20151016104702.0
008 910426s1992 ohua b 001 0 eng
010 _a 91018747
020 _a0538702192
020 _a0538709073
040 _aDLC
_cDLC
_dDLC
050 0 0 _aQA76.9.S88
_bH46 1992
082 0 0 _a651.8/421
_220
100 1 _aHershey, Gerald L.,
_d1943-
245 1 0 _aPlanning and implementing end-user information systems :
_boffice and end-user systems management /
_cGerald L. Hershey, Donna L. Kizzier with Joel D. Levy, Robert A. Miller, Amy D. Wohl.
260 _aCincinnati, OH :
_bSouth-Western Pub. Co.,
_cc1992.
300 _axvi, 807 p. :
_bill. (some col.) ;
_c24 cm.
504 _aIncludes bibliographical references and index.
650 0 _aSystem design.
650 0 _aEnd-user computing.
650 0 _aOffice practice
_xAutomation.
700 1 _aKizzier, Donna L. McAlister.
906 _a7
_bcbc
_corignew
_d1
_eocip
_f19
_gy-gencatlg
942 _2lcc
_cBK
999 _c250794
_d250794